| 000 | 00434nam a2200133Ia 4500 | ||
|---|---|---|---|
| 008 | 250506s9999 xx 000 0 und d | ||
| 024 | _a17B-031-CE,17B-038-CE & 17B-049-CE | ||
| 082 | _a004.49072 TAN | ||
| 100 | _aTanzeel ur Rehman,Kazim Raza Talpur & Asadullah Ghazi | ||
| 245 | 0 | _aSelf-Controlled camera stand | |
| 260 |
_aKarachi: _bUIT, _c2017 |
||
| 600 | _aComputer System Engineering | ||
| 650 | _aBachelor of Engineering (BE) | ||
| 999 |
_c28972 _d28972 |
||